Villes et lieux de Kanto : Pokémon 1G - Statistiques

Statistiques générales
  • Ce quiz a été pris 115 fois
  • Le résultat moyen est 18 sur 25
Statistiques - réponses
Hint Réponse % Correct
Bourg Palette
99%
Céladopole
98%
Lavanville
94%
Lieux Azuria
93%
Cramois'Ile
93%
Safrania
93%
Villes Argenta
92%
Carmin sur Mer
92%
Jadielle
89%
Parmanie
85%
Grotte
81%
Plateau Indigo
75%
Route Victoire
75%
Forêt de Jade
74%
Parc Safari
69%
Centrale
66%
Mont Sélénite
64%
Cave Taupiqueur
62%
Iles Ecume
62%
Manoir
47%
Tour Pokemon
46%
Sylphe SARL
35%
Océane
31%
Repaire Rocket
25%
Grotte Inconnue
16%
Aucun quiz correspondant
Distribution des résultats
% des personnes avec chaque résultat
Percentile par nombre de réponses
Votre historique - résultats
Vous n’avez pas pris ce quiz